Financial Analysis, Planning & Forecasting Theory and Application
Salvato in:
| Autore principale: | |
|---|---|
| Altri autori: | |
| Natura: | Libro |
| Lingua: | inglese |
| Pubblicazione: |
Singapore
World Scientific
2017
|
| Edizione: | 3rd Edition |
| Soggetti: | |
| Tags: |
Nessun Tag, puoi essere il primo ad aggiungerne!!
|
MARC
| LEADER | 00000nam a2200000 4500 | ||
|---|---|---|---|
| 001 | 0248542 | ||
| 005 | 20240221114037.5 | ||
| 020 | |a 9789814723848 | ||
| 020 | |a 978-981-4723-84-8 | ||
| 041 | 0 | |a eng | |
| 044 | |a SG | ||
| 245 | 1 | 0 | |a Financial Analysis, Planning & Forecasting |b Theory and Application |c Cheng F. Lee, John Lee |
| 250 | |a 3rd Edition | ||
| 264 | 1 | |a Singapore |b World Scientific |c 2017 | |
| 300 | |a 1359 s. | ||
| 610 | 2 | 0 | |a podnik |
| 610 | 2 | 0 | |a analýza finančná |
| 610 | 2 | 0 | |a plánovanie |
| 610 | 2 | 0 | |a prognózy |
| 610 | 2 | 0 | |a informácie |
| 610 | 2 | 0 | |a metodológia |
| 610 | 2 | 0 | |a financie |
| 610 | 2 | 0 | |a teórie ekonomické |
| 610 | 2 | 0 | |a náklady |
| 610 | 2 | 0 | |a kapitál |
| 610 | 2 | 0 | |a rozpočet kapitálový |
| 610 | 2 | 0 | |a lízing |
| 610 | 2 | 0 | |a rozhodovanie |
| 610 | 2 | 0 | |a politika podniková |
| 610 | 2 | 0 | |a plánovanie finančné |
| 100 | 1 | |a Lee, Cheng F. | |
| 700 | 1 | |a Lee, John | |